[Event "BI-2016-F-0000"]
[Site "LSS email"]
[Date "2016.02.14"]
[Round "?"]
[White "Koronowski, Heinz Juergen"]
[Black "Tausnev, Bladimir"]
[Result "1/2-1/2"]
[WhiteElo "1998"]
[BlackElo "2022"]
[PlyCount "82"]
[EventDate "2016.02.20"]
[EventType "tourn (corr)"]
[EventRounds "10"]
[EventCountry "GER"]
[SourceTitle "Corr 2022"]
[Source "ChessBase"]
[SourceDate "2021.10.24"]
[SourceVersion "1"]
[SourceVersionDate "2021.10.24"]
[SourceQuality "1"]

1. e4 c5 2. Nc3 d6 3. f4 Nc6 4. Nf3 g6 5. Bc4 Bg7 6. 0-0 e6 7. d3 Nge7 8. Qe1 0-0 9. f5 gxf5 10. Qg3 fxe4 11. dxe4 Ng6 12. Bg5 f6 13. Be3 Nce5 14. Nxe5 Nxe5 15. Be2 Kh8 16. Rad1 b6 17. Rd2 Qe7 18. Rfd1 Rd8 19. Bf4 Bb7 20. Qh3 f5 21. exf5 exf5 22. Qe3 Rg8 23. Rxd6 Rae8 24. Qf2 Bf6 25. g3 Ba8 26. a3 Rgf8 27. h3 Ng6 28. Rd7 Nxf4 29. Qxf4 Qe3+ 30. Qxe3 Rxe3 31. R1d3 Ree8 32. Bh5 Re1+ 33. Kf2 Rh1 34. Bf3 Rh2+ 35. Kf1 Rxc2 36. Bxa8 Rxa8 37. Rf3 Rg8 38. Rxf5 Rg7 39. Rd3 c4 40. Rdf3 Be7 41. Na4 Kg8 1/2-1/2

[Event "BI-2016-F-0000"]
[Site "LSS email"]
[Date "2016.02.14"]
[Round "?"]
[White "Morcin, Tom"]
[Black "Tausnev, Bladimir"]
[Result "1/2-1/2"]
[WhiteElo "2218"]
[BlackElo "2022"]
[PlyCount "55"]
[EventDate "2016.02.20"]
[EventType "tourn (corr)"]
[EventRounds "10"]
[EventCountry "GER"]
[SourceTitle "Corr 2022"]
[Source "ChessBase"]
[SourceDate "2021.10.24"]
[SourceVersion "1"]
[SourceVersionDate "2021.10.24"]
[SourceQuality "1"]

1. e4 c5 2. Nf3 Nc6 3. d4 cxd4 4. Nxd4 Nf6 5. Nc3 e5 6. Ndb5 d6 7. Bg5 a6 8. Na3 b5 9. Bxf6 gxf6 10. Nd5 f5 11. Bd3 Be6 12. 0-0 Bxd5 13. exd5 Ne7 14. Re1 Bg7 15. c3 0-0 16. Nc2 Qd7 17. g3 Rae8 18. Bf1 Qb7 19. Qd2 f4 20. a4 fxg3 21. hxg3 f5 22. axb5 axb5 23. Nb4 f4 24. Bd3 Qc8 25. Qe2 Rf6 26. Qe4 Rg6 27. Qf3 Nf5 28. Kf1 1/2-1/2

[Event "BI-2016-F-0000"]
[Site "LSS email"]
[Date "2016.02.14"]
[Round "?"]
[White "Tausnev, Bladimir"]
[Black "Boni, Roberto"]
[Result "1/2-1/2"]
[WhiteElo "2022"]
[BlackElo "1781"]
[PlyCount "69"]
[EventDate "2016.02.20"]
[EventType "tourn (corr)"]
[EventRounds "10"]
[EventCountry "GER"]
[SourceTitle "Corr 2022"]
[Source "ChessBase"]
[SourceDate "2021.10.24"]
[SourceVersion "1"]
[SourceVersionDate "2021.10.24"]
[SourceQuality "1"]

1. e4 e5 2. Nf3 Nc6 3. Bc4 Nf6 4. d3 Be7 5. 0-0 0-0 6. Bb3 d6 7. c3 Na5 8. Bc2 c5 9. Nbd2 Qc7 10. Re1 Be6 11. Nf1 Nc6 12. Ng3 Rad8 13. Qe2 b5 14. Bb3 a5 15. Be3 a4 16. Bxe6 fxe6 17. b3 axb3 18. axb3 b4 19. d4 bxc3 20. dxe5 Nd7 21. exd6 Bxd6 22. Rac1 Nde5 23. Rxc3 Nxf3+ 24. gxf3 Qb8 25. Rd1 Nd4 26. Bxd4 cxd4 27. Rc4 e5 28. Qd3 Rd7 29. Ne2 Kh8 30. f4 Rb7 31. Rb1 exf4 32. Qf3 d3 33. Nd4 Rd7 34. Rd1 Be7 35. Qh3 1/2-1/2

[Event "BI-2016-F-0000"]
[Site "LSS email"]
[Date "2016.02.14"]
[Round "?"]
[White "Tausnev, Bladimir"]
[Black "Meissner, Ruediger"]
[Result "1/2-1/2"]
[WhiteElo "2022"]
[BlackElo "2096"]
[PlyCount "48"]
[EventDate "2016.02.20"]
[EventType "tourn (corr)"]
[EventRounds "10"]
[EventCountry "GER"]
[SourceTitle "Corr 2022"]
[Source "ChessBase"]
[SourceDate "2021.10.24"]
[SourceVersion "1"]
[SourceVersionDate "2021.10.24"]
[SourceQuality "1"]

1. e4 c5 2. Nf3 d6 3. d4 cxd4 4. Nxd4 Nf6 5. Nc3 a6 6. Be3 Ng4 7. Bg5 h6 8. Bh4 g5 9. Bg3 Bg7 10. h3 Ne5 11. Nf5 Bxf5 12. exf5 Nbc6 13. Nd5 e6 14. fxe6 fxe6 15. Ne3 Qa5+ 16. c3 Nf3+ 17. Qxf3 Bxc3+ 18. Kd1 Qa4+ 19. Nc2 Bxb2 20. Rc1 Rc8 21. Bd3 Rf8 22. Qe4 Qxe4 23. Bxe4 Bxc1 24. Kxc1 Nd4 1/2-1/2

[Event "CP-2015-P-00049"]
[Site "LSS email"]
[Date "2015.09.28"]
[Round "?"]
[White "Bellanger, Michel"]
[Black "Tausnev, Bladimir"]
[Result "1/2-1/2"]
[WhiteElo "2038"]
[BlackElo "2003"]
[PlyCount "66"]
[EventDate "2015.10.01"]
[EventType "tourn (corr)"]
[EventRounds "6"]
[EventCountry "GER"]
[SourceTitle "Corr 2022"]
[Source "ChessBase"]
[SourceDate "2021.10.24"]
[SourceVersion "1"]
[SourceVersionDate "2021.10.24"]
[SourceQuality "1"]

1. e4 c5 2. Nf3 Nc6 3. Bb5 g6 4. 0-0 Bg7 5. Nc3 e5 6. d3 d6 7. Nd5 h6 8. b4 a6 9. Ba4 b5 10. Bb3 Nxb4 11. Nxb4 cxb4 12. d4 Bb7 13. dxe5 dxe5 14. Bb2 Qxd1 15. Raxd1 f6 16. Nh4 Ne7 17. f4 Rf8 18. Rd6 a5 19. Re6 Bxe4 20. fxe5 fxe5 21. Bxe5 Bxe5 22. Rxe5 Rxf1+ 23. Kxf1 g5 24. Rxe4 gxh4 25. Re5 Rb8 26. Bd5 Kd7 27. Be4 Kd6 28. Rh5 Rc8 29. Ke2 Rc3 30. Rxh4 Nd5 31. Rxh6+ Ke5 32. Bxd5 Kxd5 33. Kd2 Ra3 1/2-1/2

[Event "CP-2015-P-00049"]
[Site "LSS email"]
[Date "2015.09.28"]
[Round "?"]
[White "Tausnev, Bladimir"]
[Black "Glowatzky, Tihomir"]
[Result "1-0"]
[WhiteElo "2003"]
[BlackElo "2030"]
[PlyCount "69"]
[EventDate "2015.10.01"]
[EventType "tourn (corr)"]
[EventRounds "6"]
[EventCountry "GER"]
[SourceTitle "Corr 2022"]
[Source "ChessBase"]
[SourceDate "2021.10.24"]
[SourceVersion "1"]
[SourceVersionDate "2021.10.24"]
[SourceQuality "1"]

1. e4 e5 2. Nf3 Nf6 3. Nxe5 d6 4. Nf3 Nxe4 5. Nc3 Nxc3 6. dxc3 Be7 7. Be3 Nc6 8. Qd2 0-0 9. 0-0-0 Bf6 10. Bd3 Re8 11. Kb1 Be6 12. h3 a5 13. Rhe1 h6 14. g4 a4 15. a3 Ra5 16. Rg1 Bd5 17. Nh2 Bh4 18. f4 Qf6 19. g5 hxg5 20. Ng4 Qe6 21. f5 Qe7 22. f6 Qe6 23. Rdf1 Be4 24. fxg7 Kxg7 25. Nf6 Qxf6 26. Rxf6 Kxf6 27. Qe2 Bxd3 28. cxd3 Re7 29. Rf1+ Kg6 30. Qf3 f5 31. d4 Rf7 32. Qg2 Kh6 33. Bxg5+ Bxg5 34. h4 f4 35. d5 1-0

[Event "BI-2015-P-0000"]
[Site "LSS email"]
[Date "2015.04.16"]
[Round "?"]
[White "Nicolaescu, Nicolae"]
[Black "Tausnev, Bladimir"]
[Result "0-1"]
[WhiteElo "1930"]
[BlackElo "1974"]
[PlyCount "144"]
[EventDate "2015.04.22"]
[EventType "tourn (corr)"]
[EventRounds "10"]
[EventCountry "GER"]
[SourceTitle "Corr 2022"]
[Source "ChessBase"]
[SourceDate "2021.10.24"]
[SourceVersion "1"]
[SourceVersionDate "2021.10.24"]
[SourceQuality "1"]

1. e4 c5 2. d4 cxd4 3. c3 dxc3 4. Nxc3 Nc6 5. Nf3 e6 6. Bc4 a6 7. 0-0 b5 8. Bb3 Bb7 9. Qe2 Nge7 10. Bf4 Ng6 11. Bg3 Be7 12. Rad1 Na5 13. Bc2 Rc8 14. e5 Bxf3 15. Qxf3 Nc4 16. Bxg6 hxg6 17. b3 Nb6 18. Rd3 0-0 19. Bf4 Rc6 20. Rfd1 Qc7 21. Be3 Rd8 22. Qg3 d5 23. Ne2 Nd7 24. Nd4 Rc5 25. f4 b4 26. Qg4 Nf8 27. Bd2 a5 28. h4 Qb6 29. Be3 Qa6 30. g3 Rdc8 31. Kg2 R5c7 32. Qe2 Bc5 33. R3d2 Qxe2+ 34. Rxe2 Bxd4 35. Bxd4 Nd7 36. Kf2 Nc5 37. Bxc5 Rxc5 38. a3 Rc1 39. Rxc1 Rxc1 40. axb4 axb4 41. Re3 Kh7 42. Kf3 Rc2 43. Rd3 Rc3 44. Ke3 Rxd3+ 45. Kxd3 Kh6 46. g4 f5 47. exf6 gxf6 48. Kd4 f5 49. gxf5 exf5 50. Kc5 Kh5 51. Kxb4 Kxh4 52. Kc3 g5 53. b4 gxf4 54. b5 f3 55. b6 f2 56. b7 f1Q 57. b8Q Qc4+ 58. Kd2 f4 59. Qd8+ Kg4 60. Qg8+ Kf3 61. Qg5 Qe4 62. Qh5+ Kf2 63. Qh6 d4 64. Qh2+ Kf1 65. Qh8 d3 66. Qa1+ Kf2 67. Qh8 Qe3+ 68. Kc3 f3 69. Qh2+ Kf1 70. Qh1+ Ke2 71. Qh2+ f2 72. Qh5+ Ke1 0-1

[Event "BI-2015-P-0000"]
[Site "LSS email"]
[Date "2015.04.16"]
[Round "?"]
[White "Tausnev, Bladimir"]
[Black "Rivas, Jesus"]
[Result "1-0"]
[WhiteElo "1974"]
[BlackElo "1389"]
[PlyCount "67"]
[EventDate "2015.04.22"]
[EventType "tourn (corr)"]
[EventRounds "10"]
[EventCountry "GER"]
[SourceTitle "Corr 2022"]
[Source "ChessBase"]
[SourceDate "2021.10.24"]
[SourceVersion "1"]
[SourceVersionDate "2021.10.24"]
[SourceQuality "1"]

1. e4 d6 2. d4 Nf6 3. Nc3 g6 4. Nf3 Bg7 5. Be2 0-0 6. 0-0 Bg4 7. Be3 Nc6 8. Qd2 e5 9. d5 Ne7 10. h3 Bd7 11. Rfd1 b5 12. a3 a5 13. Bg5 b4 14. Bxf6 Bxf6 15. axb4 axb4 16. Na2 b3 17. cxb3 Bg7 18. Nc3 Rb8 19. Bc4 f5 20. Qd3 h6 21. Ra7 g5 22. Rda1 Ng6 23. Nd2 g4 24. Bb5 gxh3 25. Bxd7 Qxd7 26. Qxh3 Nf4 27. Qh4 Rf6 28. Ra8 Qc8 29. Rxb8 Qxb8 30. exf5 Rxf5 31. g3 Ng6 32. Qc4 e4 33. Qxe4 Qf8 34. Ra8 1-0

[Event "BI-2015-P-0000"]
[Site "LSS email"]
[Date "2015.04.16"]
[Round "?"]
[White "Tausnev, Bladimir"]
[Black "Schulz, Hans Juergen"]
[Result "1/2-1/2"]
[WhiteElo "1974"]
[BlackElo "1656"]
[PlyCount "81"]
[EventDate "2015.04.22"]
[EventType "tourn (corr)"]
[EventRounds "10"]
[EventCountry "GER"]
[SourceTitle "Corr 2022"]
[Source "ChessBase"]
[SourceDate "2021.10.24"]
[SourceVersion "1"]
[SourceVersionDate "2021.10.24"]
[SourceQuality "1"]

1. e4 e5 2. Nf3 Nc6 3. Bc4 Bc5 4. c3 Nf6 5. d3 a6 6. 0-0 d6 7. Bb3 0-0 8. Nbd2 Ba7 9. h3 h6 10. Re1 Nh5 11. Nf1 Qf6 12. Ne3 Nf4 13. Ng4 Qg6 14. Bxf4 exf4 15. d4 Bxg4 16. hxg4 Qxg4 17. Qd3 Ne7 18. e5 d5 19. Bc2 g6 20. Nh2 Qh5 21. e6 f6 22. c4 dxc4 23. Qxc4 Rfe8 24. Nf3 c6 25. Qb3 g5 26. Qd3 f5 27. Ne5 g4 28. Nd7 Kg7 29. Rad1 f3 30. gxf3 gxf3 31. Re3 Qg6+ 32. Kf1 Rad8 33. b4 Kh8 34. Rxf3 Qxe6 35. Nc5 Qf6 36. Re1 Bxc5 37. bxc5 Rg8 38. Qe3 Rg7 39. Rh3 Ng8 40. Qe5 Qxe5 41. dxe5 1/2-1/2

[Event "BI-2015-P-0000"]
[Site "LSS email"]
[Date "2015.04.16"]
[Round "?"]
[White "Tausnev, Bladimir"]
[Black "Trani, Francesco"]
[Result "1-0"]
[WhiteElo "1974"]
[BlackElo "1745"]
[PlyCount "87"]
[EventDate "2015.04.22"]
[EventType "tourn (corr)"]
[EventRounds "10"]
[EventCountry "GER"]
[SourceTitle "Corr 2022"]
[Source "ChessBase"]
[SourceDate "2021.10.24"]
[SourceVersion "1"]
[SourceVersionDate "2021.10.24"]
[SourceQuality "1"]

1. e4 e5 2. Nf3 Nc6 3. Bc4 Nf6 4. d3 Be7 5. a4 0-0 6. 0-0 d6 7. c3 Bg4 8. Nbd2 Qd7 9. Re1 a6 10. b4 Be6 11. Bxe6 fxe6 12. Bb2 Nh5 13. g3 Qe8 14. d4 Qg6 15. b5 Nd8 16. dxe5 axb5 17. axb5 Rxa1 18. Bxa1 Nf4 19. c4 Nf7 20. Kf1 Nd3 21. exd6 cxd6 22. Re3 Nc5 23. Nb3 Nxb3 24. Qxb3 Bg5 25. Re2 Rd8 26. Kg2 Be7 27. Qa2 Qg4 28. h3 Qg6 29. Qa7 Rd7 30. Qb8+ Bf8 31. Bc3 e5 32. Ba5 Qe6 33. Qc8 g5 34. Ra2 h5 35. Bc7 g4 36. hxg4 hxg4 37. Nh2 Qxc4 38. Qxd7 Qxa2 39. Nxg4 Bg7 40. b6 Qa8 41. Ne3 Nh6 42. Bxd6 Qa6 43. g4 Qxb6 44. g5 1-0

[Event "BI-2015-P-0000"]
[Site "LSS email"]
[Date "2015.04.16"]
[Round "?"]
[White "Tausnev, Bladimir"]
[Black "Weiss, Lester"]
[Result "1-0"]
[WhiteElo "1974"]
[BlackElo "2033"]
[PlyCount "49"]
[EventDate "2015.04.22"]
[EventType "tourn (corr)"]
[EventRounds "10"]
[EventCountry "GER"]
[SourceTitle "Corr 2022"]
[Source "ChessBase"]
[SourceDate "2021.10.24"]
[SourceVersion "1"]
[SourceVersionDate "2021.10.24"]
[SourceQuality "1"]

1. e4 e6 2. d4 d5 3. Nd2 Nf6 4. Bd3 c5 5. e5 Nfd7 6. c3 Nc6 7. Ne2 cxd4 8. cxd4 f6 9. exf6 Qxf6 10. Nf3 h6 11. 0-0 Bd6 12. Ng3 0-0 13. Bc2 Rf7 14. Re1 Nf8 15. Nh5 Qd8 16. Ne5 Nxe5 17. dxe5 Bc5 18. Be3 Qb6 19. Rc1 Bxe3 20. Rxe3 a5 21. a3 a4 22. Qd2 Qa5 23. Rc3 Bd7 24. Nf6+ Kh8 25. Ng4 1-0

[Event "BI-2015-P-0000"]
[Site "LSS email"]
[Date "2015.04.16"]
[Round "?"]
[White "Vodicka, Milan"]
[Black "Tausnev, Bladimir"]
[Result "1/2-1/2"]
[WhiteElo "2017"]
[BlackElo "1974"]
[PlyCount "88"]
[EventDate "2015.04.22"]
[EventType "tourn (corr)"]
[EventRounds "10"]
[EventCountry "GER"]
[SourceTitle "Corr 2022"]
[Source "ChessBase"]
[SourceDate "2021.10.24"]
[SourceVersion "1"]
[SourceVersionDate "2021.10.24"]
[SourceQuality "1"]

1. d4 Nf6 2. c4 c6 3. Nc3 d5 4. cxd5 cxd5 5. Bf4 Nc6 6. e3 a6 7. Bd3 Bg4 8. Nge2 e6 9. 0-0 Be7 10. Rc1 Bh5 11. Na4 Bg6 12. Bxg6 hxg6 13. Qb3 Na5 14. Qc2 Nc6 15. Nc5 Bxc5 16. dxc5 Qd7 17. Nd4 0-0 18. f3 Rfe8 19. Qc3 a5 20. Nxc6 bxc6 21. Be5 Qd8 22. Bd6 a4 23. Ra1 Qc8 24. b4 axb3 25. axb3 Qb7 26. Ra4 Red8 27. Qb4 Qxb4 28. Rxb4 Ra2 29. Rc1 Rc8 30. h4 Ne8 31. Rb6 f6 32. Bg3 e5 33. Bf2 Raa8 34. b4 Kf7 35. g4 Ke7 36. f4 Ra3 37. fxe5 fxe5 38. g5 Kd7 39. Rd1 Nc7 40. e4 d4 41. Bxd4 exd4 42. Rxd4+ Ke7 43. Rxc6 Ra1+ 44. Kg2 Ra2+ 1/2-1/2

[Event "SB-2014-0-00394"]
[Site "LSS email"]
[Date "2014.12.03"]
[Round "?"]
[White "Schubert, Volker"]
[Black "Tausnev, Bladimir"]
[Result "1/2-1/2"]
[WhiteElo "2006"]
[BlackElo "1936"]
[PlyCount "46"]
[EventDate "2014.10.30"]
[EventType "tourn (corr)"]
[EventRounds "6"]
[EventCountry "GER"]
[SourceTitle "Corr 2022"]
[Source "ChessBase"]
[SourceDate "2021.10.24"]
[SourceVersion "1"]
[SourceVersionDate "2021.10.24"]
[SourceQuality "1"]

1. d4 Nf6 2. Nf3 d5 3. e3 c6 4. Bd3 Bg4 5. Nbd2 e6 6. 0-0 Bf5 7. Qe2 Ne4 8. Ne5 Nd7 9. Nxd7 Qxd7 10. f3 Nf6 11. Nb3 Bxd3 12. cxd3 Qc7 13. e4 a5 14. Nc5 a4 15. Qc2 Bd6 16. e5 Bxc5 17. Qxc5 Nd7 18. Qc3 Qb6 19. f4 0-0 20. Bd2 c5 21. dxc5 Qxc5+ 22. Qxc5 Nxc5 23. Bb4 Rfc8 1/2-1/2

[Event "SB-2014-0-00394"]
[Site "LSS email"]
[Date "2014.12.03"]
[Round "?"]
[White "Tausnev, Bladimir"]
[Black "Herzog, Klaus"]
[Result "1-0"]
[WhiteElo "1936"]
[BlackElo "1890"]
[PlyCount "73"]
[EventDate "2014.10.30"]
[EventType "tourn (corr)"]
[EventRounds "6"]
[EventCountry "GER"]
[SourceTitle "Corr 2022"]
[Source "ChessBase"]
[SourceDate "2021.10.24"]
[SourceVersion "1"]
[SourceVersionDate "2021.10.24"]
[SourceQuality "1"]

1. e4 e5 2. Nf3 Nc6 3. Bc4 Bc5 4. d3 Nf6 5. c3 h6 6. a4 a6 7. 0-0 d6 8. b4 Ba7 9. Be3 0-0 10. Nbd2 Ne7 11. Bxa7 Rxa7 12. Re1 Ng6 13. g3 Ra8 14. a5 Bh3 15. Bb3 Ng4 16. Nc4 Qf6 17. Ra2 h5 18. Kh1 Nh6 19. Ne3 Ne7 20. Rd2 Rac8 21. d4 exd4 22. cxd4 Be6 23. Kg2 Ng4 24. Nc4 d5 25. e5 Qg6 26. Nb2 Nh6 27. Nd3 Nhf5 28. Nf4 Qh6 29. h4 c6 30. Rc2 Ng6 31. Nd3 Ngxh4+ 32. Nxh4 Nxd4 33. Nc5 Nxc2 34. Bxc2 Rce8 35. f4 Bg4 36. Qd4 Rb8 37. Nf5 1-0

[Event "SB-2014-0-00394"]
[Site "LSS email"]
[Date "2014.12.03"]
[Round "?"]
[White "Tausnev, Bladimir"]
[Black "Pott, Brian"]
[Result "1/2-1/2"]
[WhiteElo "1936"]
[BlackElo "1747"]
[PlyCount "51"]
[EventDate "2014.10.30"]
[EventType "tourn (corr)"]
[EventRounds "6"]
[EventCountry "GER"]
[SourceTitle "Corr 2022"]
[Source "ChessBase"]
[SourceDate "2021.10.24"]
[SourceVersion "1"]
[SourceVersionDate "2021.10.24"]
[SourceQuality "1"]

1. e4 e5 2. Nf3 Nc6 3. Bc4 Bc5 4. c3 Nf6 5. d3 a6 6. Bb3 d6 7. Nbd2 Ba7 8. h3 0-0 9. Nf1 Be6 10. Ng3 h6 11. Nh2 Ne7 12. Ng4 Nh7 13. 0-0 Ng6 14. d4 Bxb3 15. Qxb3 Nf6 16. Be3 Nxg4 17. hxg4 Rb8 18. Nf5 Re8 19. g3 Qd7 20. Rfe1 Qb5 21. Qxb5 axb5 22. f3 Ra8 23. Kg2 Ne7 24. dxe5 Nxf5 25. Bxa7 Rxa7 26. gxf5 1/2-1/2

[Event "SC-2014-0-00245"]
[Site "LSS email"]
[Date "2014.11.24"]
[Round "?"]
[White "Schulz, Hans Juergen"]
[Black "Tausnev, Bladimir"]
[Result "1/2-1/2"]
[WhiteElo "1671"]
[BlackElo "1936"]
[PlyCount "52"]
[EventDate "2014.10.14"]
[EventType "tourn (corr)"]
[EventRounds "6"]
[EventCountry "GER"]
[SourceTitle "Corr 2022"]
[Source "ChessBase"]
[SourceDate "2021.10.24"]
[SourceVersion "1"]
[SourceVersionDate "2021.10.24"]
[SourceQuality "1"]

1. e4 c5 2. Nf3 Nc6 3. d4 cxd4 4. Nxd4 Nf6 5. Nc3 e5 6. Ndb5 d6 7. Bg5 a6 8. Na3 b5 9. Bxf6 gxf6 10. Nd5 f5 11. Bd3 Be6 12. Qh5 Rg8 13. g3 Rc8 14. c3 Rg6 15. Qf3 Bxd5 16. exd5 e4 17. Qxf5 Rg5 18. Qf4 exd3 19. dxc6 Re5+ 20. Kf1 Qc7 21. Rg1 d5 22. Qd4 Re4 23. Qxd5 Qxc6 24. Qxd3 Bxa3 25. bxa3 Kf8 26. a4 Rxa4 1/2-1/2

[Event "SC-2014-0-00245"]
[Site "LSS email"]
[Date "2014.11.24"]
[Round "?"]
[White "Tausnev, Bladimir"]
[Black "Celan, Melissa"]
[Result "1/2-1/2"]
[WhiteElo "1936"]
[BlackElo "1821"]
[PlyCount "57"]
[EventDate "2014.10.14"]
[EventType "tourn (corr)"]
[EventRounds "6"]
[EventCountry "GER"]
[SourceTitle "Corr 2022"]
[Source "ChessBase"]
[SourceDate "2021.10.24"]
[SourceVersion "1"]
[SourceVersionDate "2021.10.24"]
[SourceQuality "1"]

1. e4 e6 2. d4 d5 3. Nc3 dxe4 4. Nxe4 Bd7 5. Bd3 Bc6 6. Nf3 Nd7 7. 0-0 Bxe4 8. Bxe4 c6 9. c4 Ngf6 10. Bc2 Qc7 11. g3 Be7 12. Qe2 0-0 13. Re1 b5 14. c5 Rfe8 15. a4 a6 16. Bd2 g6 17. b4 Qb7 18. Bb3 Bf8 19. Ng5 bxa4 20. Rxa4 h6 21. Ne4 Nxe4 22. Qxe4 Bg7 23. Bc4 Red8 24. Rea1 Nf6 25. Qd3 Ng4 26. Be3 Ne5 27. Qe2 Nxc4 28. Qxc4 Rab8 29. Kg2 1/2-1/2

[Event "SC-2014-0-00243"]
[Site "LSS email"]
[Date "2014.11.10"]
[Round "?"]
[White "Tausnev, Bladimir"]
[Black "Mostowik, Pawel"]
[Result "1/2-1/2"]
[WhiteElo "2010"]
[BlackElo "1898"]
[PlyCount "91"]
[EventDate "2014.09.12"]
[EventType "tourn (corr)"]
[EventRounds "6"]
[EventCountry "GER"]
[SourceTitle "Corr 2022"]
[Source "ChessBase"]
[SourceDate "2021.10.24"]
[SourceVersion "1"]
[SourceVersionDate "2021.10.24"]
[SourceQuality "1"]

1. e4 c6 2. d4 d5 3. f3 dxe4 4. fxe4 e5 5. Nf3 exd4 6. Bc4 Nf6 7. Ng5 Be6 8. Nxe6 fxe6 9. 0-0 e5 10. Nd2 Nbd7 11. Nf3 Bd6 12. Ng5 Qe7 13. Qf3 b5 14. Bf7+ Kd8 15. Bb3 Kc8 16. Ne6 Nc5 17. Nxc5 Bxc5 18. a4 bxa4 19. Bxa4 Kc7 20. Qd3 Nd7 21. Bd2 Rhf8 22. g3 Rxf1+ 23. Rxf1 Rf8 24. Rxf8 Qxf8 25. b4 Bb6 26. Kg2 Qf7 27. h3 Qg6 28. Bb3 Nf6 29. Kf3 Kb7 30. Bc4 Ne8 31. b5 cxb5 32. Bxb5 Nc7 33. Bc4 a5 34. c3 Qf6+ 35. Ke2 dxc3 36. Bxc3 Qf2+ 37. Kd1 Qc5 38. g4 a4 39. Kc2 Ba5 40. Bb2 Kb6 41. Kb1 Bb4 42. Ka2 Ka5 43. g5 g6 44. Bc1 Qd4 45. Bb2 Qf2 46. Kb1 1/2-1/2

[Event "SC-2014-0-00243"]
[Site "LSS email"]
[Date "2014.11.10"]
[Round "?"]
[White "Tausnev, Bladimir"]
[Black "Owens, Johnny"]
[Result "1/2-1/2"]
[WhiteElo "2010"]
[BlackElo "1788"]
[PlyCount "45"]
[EventDate "2014.09.12"]
[EventType "tourn (corr)"]
[EventRounds "6"]
[EventCountry "GER"]
[SourceTitle "Corr 2022"]
[Source "ChessBase"]
[SourceDate "2021.10.24"]
[SourceVersion "1"]
[SourceVersionDate "2021.10.24"]
[SourceQuality "1"]

1. e4 e6 2. d4 d5 3. Nc3 dxe4 4. Nxe4 Nd7 5. Nf3 Ngf6 6. Bd3 Be7 7. Nxf6+ Nxf6 8. 0-0 0-0 9. Qe2 Qd6 10. Bg5 h6 11. Bh4 c5 12. dxc5 Qxc5 13. Ne5 Rd8 14. Rad1 Rd5 15. Rfe1 b5 16. Kh1 Qb6 17. f4 Bb7 18. c4 bxc4 19. Nxc4 Qc7 20. f5 Nh5 21. Qxh5 Rxd3 22. Rxd3 Qxc4 23. fxe6 1/2-1/2

[Event "SC-2014-0-00243"]
[Site "LSS email"]
[Date "2014.11.10"]
[Round "?"]
[White "Tausnev, Bladimir"]
[Black "Tanti, Joseph"]
[Result "1-0"]
[WhiteElo "2010"]
[BlackElo "1810"]
[PlyCount "63"]
[EventDate "2014.09.12"]
[EventType "tourn (corr)"]
[EventRounds "6"]
[EventCountry "GER"]
[SourceTitle "Corr 2022"]
[Source "ChessBase"]
[SourceDate "2021.10.24"]
[SourceVersion "1"]
[SourceVersionDate "2021.10.24"]
[SourceQuality "1"]

1. e4 e5 2. Nf3 Nc6 3. Bc4 Nf6 4. d3 d5 5. exd5 Nxd5 6. 0-0 Bc5 7. Re1 0-0 8. Nxe5 Qh4 9. Qf3 Nf6 10. Nxc6 Ng4 11. d4 Qxh2+ 12. Kf1 bxc6 13. dxc5 Nf6 14. Qf4 Qh1+ 15. Ke2 Bg4+ 16. Kd2 Rfd8+ 17. Bd3 Qxg2 18. Nc3 Nh5 19. Qe3 f5 20. Ne2 Nf6 21. Rg1 Qh2 22. Qf4 Qh5 23. Nc3 Rd7 24. b3 Rad8 25. Bb2 Rd4 26. Qe5 Qh4 27. Rae1 Qxf2+ 28. Kc1 Re8 29. Nd1 Rxe5 30. Nxf2 Rxe1+ 31. Rxe1 Rf4 32. Nxg4 1-0

[Event "SC-2014-0-00243"]
[Site "LSS email"]
[Date "2014.11.10"]
[Round "?"]
[White "Wisham, Clyde"]
[Black "Tausnev, Bladimir"]
[Result "1-0"]
[WhiteElo "1878"]
[BlackElo "2010"]
[PlyCount "115"]
[EventDate "2014.09.12"]
[EventType "tourn (corr)"]
[EventRounds "6"]
[EventCountry "GER"]
[SourceTitle "Corr 2022"]
[Source "ChessBase"]
[SourceDate "2021.10.24"]
[SourceVersion "1"]
[SourceVersionDate "2021.10.24"]
[SourceQuality "1"]

1. d4 Nf6 2. c4 e6 3. Nf3 d5 4. g3 dxc4 5. Bg2 Nc6 6. Qa4 Bd6 7. Nbd2 Bd7 8. Qxc4 0-0 9. 0-0 Qe7 10. Qd3 Rfd8 11. Nc4 Nb4 12. Qd1 Nbd5 13. a3 Bb5 14. Qb3 Qe8 15. Re1 Be7 16. e4 Nb6 17. Nce5 h6 18. Be3 Bf8 19. Rac1 c6 20. Bh3 g6 21. Nxf7 Kxf7 22. d5 Kg8 23. Bd4 Bg7 24. dxc6 Bxc6 25. Bxe6+ Kh7 26. Bf7 Qe7 27. Bc5 Qc7 28. e5 Bd5 29. Bxd5 Nfxd5 30. e6 Rac8 31. e7 Nxe7 32. Bxe7 Qxc1 33. Rxc1 Rxc1+ 34. Kg2 Rd7 35. Bb4 Nd5 36. h4 Rcc7 37. Bd2 Rc6 38. Qa4 Bxb2 39. h5 gxh5 40. Qe4+ Kg7 41. Qb1 Rb6 42. Ba5 Rb5 43. Ne5 Re7 44. Nc4 Re2 45. Be1 h4 46. Kf1 hxg3 47. Kxe2 Nf4+ 48. Kf3 Rb3+ 49. Ke4 g2 50. Qd1 Rb5 51. Kxf4 Rg5 52. Nxb2 g1Q 53. Bc3+ Kg6 54. Qd3+ Kh5 55. Qh3+ Kg6 56. Nd3 a5 57. Qe6+ Kh5 58. f3 1-0

[Event "RC-2014-0-00159"]
[Site "LSS email"]
[Date "2014.10.27"]
[Round "?"]
[White "Le Duigou, Jean Guy"]
[Black "Tausnev, Bladimir"]
[Result "1/2-1/2"]
[WhiteElo "1837"]
[BlackElo "2010"]
[PlyCount "78"]
[EventDate "2014.08.05"]
[EventType "tourn (corr)"]
[EventRounds "6"]
[EventCountry "GER"]
[SourceTitle "Corr 2022"]
[Source "ChessBase"]
[SourceDate "2021.10.24"]
[SourceVersion "1"]
[SourceVersionDate "2021.10.24"]
[SourceQuality "1"]

1. d4 Nf6 2. Nf3 d5 3. c4 c6 4. Nc3 e6 5. e3 Nbd7 6. Bd3 dxc4 7. Bxc4 b5 8. Bd3 a6 9. a4 Bb7 10. 0-0 b4 11. Ne4 c5 12. Nxf6+ Nxf6 13. dxc5 Nd7 14. c6 Bxc6 15. b3 Nc5 16. Bc4 Qf6 17. Nd4 Bb7 18. Qe2 Bd6 19. Bb2 0-0 20. f4 Qe7 21. Rad1 Ne4 22. Rc1 Rfd8 23. Bd3 Nc5 24. Bc4 Rac8 25. Rfd1 a5 26. Nb5 Ne4 27. Nxd6 Nxd6 28. Ba6 Rxc1 29. Rxc1 Bd5 30. Bd4 Bxb3 31. Bb6 Rb8 32. Bc7 Ra8 33. Bxa5 Qa7 34. Bxb4 Qxa6 35. Qxa6 Rxa6 36. Bxd6 h5 37. Be5 f6 38. Bd4 Rxa4 39. Rb1 Bd5 1/2-1/2